| 000 | 00371nam a2200157Ia 4500 | ||
|---|---|---|---|
| 008 | 210210b1937 xxu||||| |||| 00| 0 eng d | ||
| 041 | _aeng | ||
| 082 | _a822/500 | ||
| 100 | _aGOSSE (Philip) | ||
| 245 | _aTravellers rest | ||
| 260 |
_aLondon _bCassell and Company Ltd _c1937 |
||
| 650 | _aTravellers | ||
| 650 | _arest | ||
| 690 | _aEnglish Prose | ||
| 906 | _a012686 | ||
| 999 |
_c131498 _d131498 |
||